Представление документа в формате RUSMARC

Поле Инд. ПП Название Значение
Тип записи a
Библиографический уровень a
001 Контрольный номер 2de25e00633643c1b97ad9c192e5cd34
005 Дата корректировки 20231025114127.0
100 a Данные общей обработки 20211207 ||| 0rusy0189 ca
101 0_ a Язык текста rus
102 a Страна публикации RU
200 1_ a Заглавие Правовые позиции Европейского Суда по правам человека и правовая система Российской Федерации
203 a Вид содержания Текст
c Тип средства электронный
300 a Общие примечания Чтение статьи доступно в Источнике
336 a Примечание о виде электронного ресурса PDF
461 _0 1 2000
a Российское правосудие
463 _0 1 2000
a № 11
b Электронный ресурс
v С. 99-108
1 2101
d 2008
1 001b1823ab7e4004100b0fc756854055152
606 a Основная рубрика Право. Юридические науки
x Основная подрубрика Международное право. Право отдельных стран
x Основная подрубрика Международное и национальное право
610 0_ a Ключевые слова ЕВРОПЕЙСКИЙ СУД
a Ключевые слова ПРАВА ЧЕЛОВЕКА
a Ключевые слова КОНСТИТУЦИОННЫЙ СУД РФ
a Ключевые слова СОВЕТ ЕВРОПЫ
a Ключевые слова ПРЕЦЕДЕНТ
a Ключевые слова КОНВЕНЦИИ
a Ключевые слова ПРАВОВАЯ СИСТЕМА
700 _1 a Фамилия Лаптев
b Имя П.А.
801 _0 a Страна RU
b Организация РГУП
c Дата составления 20211207
g Правила каталогизации PSBO
801 _1 a Страна RU
b Организация РГУП
c Дата составления 20211207
g Правила каталогизации PSBO
901 t Тип документа b
w Контрольный № источника b1823ab7e4004100b0fc756854055152
905 a Дата ввода 20211207